000 00863nas a2200313 4500
001 BR9901264
003 BR-BrBNA
005 20231205101311.0
007 ta
008 230509b bl.|||p| |||| 00| 00por d
040 _aBR-BrBNA
_bpor
_cBiblioteca Nacional de Agricultura
041 _a(Pt)
072 _aL70
100 1 _aSilva, L.A.F.
100 1 _aFioravanti, M.C.S.
100 1 _aAcypreste, C.S.
100 1 _aEurides, D.
100 1 _aSilva, C.A.
100 1 _aFaria, A.C.
245 1 _aTratamento cirurgico da estenose e/ou fibrose prepucial em touros
650 _aTouro
650 _aVeterinaria
650 _aCirurgia
650 _aEstenose
650 _aFibrose
773 0 _tARS Veterinaria (Brazil)
_xISSN 0102-6380
_g(Apr 1998), v. 14(1) p. 11-19
_wBR9901264
909 _a202311
_bLúcia
_c55
_dLúcia Elande
942 _2AGRIS
_n0
_cANA
999 _c160990
_d160990